000 00716am a2200265a 44500
003 AR-BaBNM
005 20251128210859.0
008 131020s[ca. #AR|||||||||||000 | esp||
020 _a84-8088-520-3
040 _cAR-BaBNM
110 2 _aTraining Club
245 1 0 _aOrganización y seguimiento de la formación
250 _a1ª ed.
260 _aBarcelona
_bGestión 2000
_bEPISE
_c[ca. 2000]
300 _a128 p.
_btablas
490 0 _aFormación y desarrollo
_vv. 2
650 4 _aFORMACION DE DOCENTES
650 4 _aRECURSOS
650 4 _aAUTOEVALUACION
653 _aGESTION INSTITUCIONAL
653 _aEVALUACION EDUCATIVA
653 _aFORMACION DE FORMADORES
942 _cBK
998 _cRAQUEL
999 _c17287
_d17287